000 00364nam a2200145Ia 4500
008 230917s9999||||xx |||||||||||||| ||und||
040 _e78178
_aMAIN
041 _aEnglish
082 _a346.022 S41L
100 _aSujan, M A
245 0 _aLaw relating to government contracts
260 _aBombay
_bN M Tripathi
_c1979
300 _axxxvii, 464 p.
942 _cBK
999 _c220218
_d220218